| 000 | 00898cam0a220024100 4500 | ||
|---|---|---|---|
| 001 | lce00554308 | ||
| 008 | 830921s1960 mdua b 000 0 eng | ||
| 010 | _a 60005143 /L/r882 | ||
| 035 | _a(Sirsi) r15319 | ||
| 035 | _a(DLC) 60005143 /L/r882 | ||
| 035 | _a(UPRA)lce00554308 | ||
| 040 |
_aDLC/ICU _cICU _dDLC |
||
| 050 | 0 |
_aQD281.O9 _bC55 |
|
| 082 | 0 | _a547.23 | |
| 100 | 1 |
_aClark, W. Mansfield (William Mansfield), 1884-1964. _qClark, W. Mansfield (William Mansfield), 1884-1964. _dClark, W. Mansfield (William Mansfield), 1884-1964. _6A71852.1 |
|
| 245 | 1 | 0 | _aOxidation-reduction potentials of organic systems. |
| 260 |
_aBaltimore, _bWilliams & Wilkins _c[1960] |
||
| 504 | _aIncludes bibliographical references. | ||
| 650 | 0 |
_aOxidation-reduction reaction. _6S43477.1 |
|
| 650 | 0 |
_aChemistry, Organic. _6S95.2 |
|
| 949 |
_aQD281.O9 _wlcc _i-9864 _mMAIN _tBOOK _lON-SHELF |
||
| 004 | 15319 | ||
| 999 |
_c156407 _d156407 |
||